Sports Quiz

Random Sports or NFL Quiz
Score 0/25 Timer 10:00
0 Plays Today
A-Z player % Correct
JJulio Jones
98.9%
BAntonio Brown
87.4%
FLarry Fitzgerald
87.4%
TDemaryius Thomas
83.9%
SEmmanuel Sanders
81.6%
NJordy Nelson
80.5%
WMike Wallace
78.2%
MBrandon Marshall
77%
GA.J. Green
72.4%
CMichael Crabtree
65.5%
EMike Evans
59.8%
DEric Decker
57.5%
YT.J. Yeldon
51.7%
A-Z player % Correct
AKeenan Allen
49.4%
HDeAndre Hopkins
46%
OGreg Olsen
43.7%
LJarvis Landry
32.2%
IDontrelle Inman
23%
RKyle Rudoplh
23%
UC.J. Uzomah
21.8%
KTravis Kelce
19.5%
QBrian Quick
19.5%
PDeVante Parker
18.4%
VShane Vereen
6.9%
ZZach Zenner
1.1%
Remove Ads.
Support Sporcle.
Get the best of Sporcle when you Go Orange. This ad-free experience offers more features, more stats, and more fun while also helping to support Sporcle. Thank you for becoming a member.

You're not logged in!

Compare scores with friends on all Sporcle quizzes.
OR
Log In

Show Comments

Extras

Created Dec 31, 2014ReportNominate
Tags:NFL Quiz, A-Z, Player, Receiving, total, Yard

Top Quizzes Today


Score Distribution

Your Account Isn't Verified!

In order to create a playlist on Sporcle, you need to verify the email address you used during registration. Go to your Sporcle Settings to finish the process.

Report this User

Report this user for behavior that violates our Community Guidelines.

Details: